Next collective housing in progress density intensity uses location types details (Record no. 6509)

000 -LEADER
fixed length control field 00325nam a2200109Ia 4500
008 - FIXED-LENGTH DATA ELEMENTS--GENERAL INFORMATION
fixed length control field 200302s9999 xx 000 0 und d
100 ## - MAIN ENTRY--PERSONAL NAME
Personal name Aurora fernamdez per
245 ## - TITLE STATEMENT
Title Next collective housing in progress density intensity uses location types details
260 ## - PUBLICATION, DISTRIBUTION, ETC.
Name of publisher, distributor, etc. A+T Architecture Publisher
260 ## - PUBLICATION, DISTRIBUTION, ETC.
Date of publication, distribution, etc. 2010
300 ## - PHYSICAL DESCRIPTION
Extent 335
Holdings
Withdrawn status Lost status Damaged status Not for loan Permanent Location Current Location Date acquired Cost, normal purchase price Total Checkouts Full call number Barcode Date last seen Date last checked out Price effective from Koha item type
        BMS College of Architecture, Design and Planning BMS College of Architecture, Design and Planning 2020-03-03 3668.93 1 728 AR-UG411 2021-11-09 2021-10-28 2020-03-03 UG Books
Copyright © 2025, The Librarian, Library and Information Centre, BMSCA D&P, Bengaluru. All Rights Reserved
web counter

Powered by Koha